[Event "Tourn. n9781"]
[Site "www.chess-mail.com"]
[Date "2018.05.16"]
[Round "1"]
[White "Gvladutz"]
[Black "Drawlward"]
[WhiteElo "2550"]
[BlackElo "2550"]
[Result "1/2-1/2"]
[Round "1"]
1.e4 c5
2.Ng1f3 g6
3.d4 cxd4
4.Nf3xd4 Bf8g7
5.Nb1c3 Nb8c6
6.Bc1e3 Ng8f6
7.Bf1c4 Qd8a5
8.O-O O-O
9.Bc4b3 d6
10.h3 Bc8d7
11.f4 Nf6h5
12.Qd1d3 Nc6xd4
13.Be3xd4 Bd7c6
14.Bd4xg7 Kxg7
15.Qd3d4 e5
16.Qd4xd6 Ra8d8
17.Qd6xe5 Qa5xe5
18.fxe5 Rd8e8
19.Rf1f3 Re8xe5
20.Ra1f1 f5
21.Bb3d5 Bc6xd5
22.exd5 Rf8d8
23.Rf1d1 Nh5f6
24.Rf3d3 Kf7
25.Kf2 f4
26.Rd1d2 g5
27.d6 Ke6
28.Rd3d4 b6
29.Rd2d1 h6
30.a4 a6
31.Rd4b4 Rd8b8
32.h4 Nf6g4
33.Kg1 Ng4e3
34.Rd1d2 Kd7
35.Nc3e4 Ne3g4
36.hxg5 hxg5
37.Rd2d4 Rb8c8
38.Rb4xb6 Rc8xc2
39.Rb6b7 Kd8
40.Rb7b8 Kd7
41.Rb8b7 Kd8
42.Rb7b8 Kd7
{ draw }
1/2-1/2

[Event "Tourn. n9811"]
[Site "www.echecsemail.com"]
[Date "2018.05.16"]
[Round "1"]
[White "Fantomas"]
[Black "Urbe69"]
[WhiteElo "2180"]
[BlackElo "2230"]
[Result "0-1"]
[Round "1"]
1.e4 e6
2.d4 d5
3.exd5 exd5
4.Ng1f3 Bf8d6
5.Bf1d3 Ng8f6
6.h3 h6
7.Bc1e3 O-O
8.O-O c6
9.Nf3e5 Nb8d7
10.f4 Qd8b6
11.b3 Nd7xe5
12.fxe5 Bd6xe5
13.c3 Rf8e8
14.Qd1f3 Be5b8
15.Be3f4 Bb8xf4
16.Qf3xf4 c5
17.dxc5 Qb6xc5
18.Kh1 Re8e3
19.b4 Qc5b6
20.Rf1f3 Re3xf3
21.Qf4xf3 a5
22.b5 Bc8d7
23.a4 Ra8e8
24.Nb1a3 Re8e3
25.Qf3f1 Nf6h5
26.Qf1d1 Nh5f4
27.Bd3f1 Qb6g6
28.Ra1a2 Qg6e4
29.Qd1d4 Re3xh3
30.Kg1 Qe4xd4
31.cxd4 Rh3b3
32.Na3c2 Bd7f5
33.Nc2e1 Nf4e6
34.Ne1f3 Rb3b4
{ resign }
0-1

[Event "Match"]
[Site "www.echecsemail.com"]
[Date "2018.05.16"]
[Round "1"]
[White "Apdash"]
[Black "Babedad"]
[WhiteElo "2090"]
[BlackElo "2100"]
[Result "0-1"]
[Round "1"]
1.d4 Ng8f6
2.c4 e6
3.Nb1c3 b6
4.e4 Bc8b7
5.f3 Bf8b4
6.Qd1b3 Bb4xc3
7.bxc3 O-O
8.Bc1g5 Qd8e8
9.Bg5xf6 gxf6
10.Ng1h3 d6
 { time }
0-1

[Event "Tourn. n9813"]
[Site "www.echecsemail.com"]
[Date "2018.05.16"]
[Round "1"]
[White "Estonia"]
[Black "Tonino1"]
[WhiteElo "1990"]
[BlackElo "1970"]
[Result "0-1"]
[Round "1"]
1.c4 d6
2.Nb1c3 Ng8f6
3.d4 g6
4.e4 Bf8g7
5.Ng1f3 O-O
6.Bf1e2 c6
7.O-O e5
8.d5 c5
9.Bc1g5 h6
10.Bg5xf6 Bg7xf6
11.Qd1d2 Bf6g7
12.g3 Bc8h3
13.Rf1b1 f5
14.Nf3e1 f4
15.Be2f1 Bh3xf1
16.Kxf1 Qd8f6
17.Ne1d3 fxg3
18.hxg3 Qf6f3
19.Qd2d1 Qf3xg3
20.Nc3e2 Qg3h3
21.Ke1 h5
22.Kd2 Rf8f3
23.Kc2 a6
24.Ne2g1 Rf3xd3
25.Qd1xd3 Qh3g2
26.Qd3f3 Qg2xf3
27.Rb1e1 Qf3xf2
28.Re1e2 Qf2d4
29.Ra1c1 Bg7h6
30.Rc1d1 Qd4xc4
31.Kb1 Nb8d7
32.b3 Qc4b4
33.Kb2 c4
34.Re2g2 Kg7
35.Ng1f3 cxb3
36.axb3 Nd7c5
{ resign }
0-1

[Event "Match"]
[Site "www.echecsemail.com"]
[Date "2018.05.16"]
[Round "1"]
[White "Apdash"]
[Black "Calponas"]
[WhiteElo "2220"]
[BlackElo "2130"]
[Result "0-1"]
[Round "1"]
1.e4 c5
2.Ng1f3 d6
3.Bf1c4 e6
4.d4 cxd4
5.Nf3xd4 Nb8c6
6.c3 Bf8e7
7.Bc1e3 Ng8f6
8.Nb1d2 Bc8d7
9.f3 a6
10.O-O O-O
11.a4 b6
12.Qd1e2 Qd8c7
13.f4 Rf8c8
14.Bc4xa6 Rc8b8
15.Ba6b5 d5
16.e5 Nf6e8
17.Nd2f3 f5
18.Bb5xc6 Bd7xc6
19.Nd4xe6 Qc7d7
20.Nf3d4 Be7c5
21.b3 g6
22.Ne6g5 Ne8g7
23.Nd4xc6 Qd7xc6
24.Qe2f2 h6
25.Ng5f3 Rb8e8
26.Nf3d4 Qc6d7
27.Nd4b5 Bc5xe3
28.Qf2xe3 Qd7c6
29.Nb5d6 Re8e6
 { time }
0-1

[Event "Match"]
[Site "www.echecsemail.com"]
[Date "2018.05.16"]
[Round "1"]
[White "Whitekknight"]
[Black "Euwe1983"]
[WhiteElo "1910"]
[BlackElo "1599"]
[Result "1-0"]
[Round "1"]
1.d4 b6
2.Ng1f3 f6
3.e4 c5
4.dxc5 bxc5
5.Bf1c4 e6
6.Nb1c3 d5
7.exd5 Bf8d6
8.dxe6 Nb8c6
9.Bc1e3 Nc6b4
10.a3 Nb4xc2
11.Qd1xc2 Bc8b7
12.Qc2a4 Ke7
13.Nc3d5 Kxe6
14.Nd5xf6 Kxf6
15.Be3g5 Kg6
16.Bg5xd8 Bd6xh2
17.Bc4d3 Kf7
18.Nf3g5  { time }
1-0

[Event "Match"]
[Site "www.echecsemail.com"]
[Date "2018.05.16"]
[Round "1"]
[White "Aperturaf"]
[Black "Fegatux"]
[WhiteElo "2730"]
[BlackElo "2290"]
[Result "1-0"]
[Round "1"]
1.e4 d6
2.d4 Ng8f6
3.Nb1c3 c6
4.Ng1f3 Bc8g4
5.h3 Bg4h5
6.Qd1e2 e6
7.g4 Bh5g6
8.h4 h5
9.g5 Nf6d7
10.Bf1h3 Bf8e7
11.d5 e5
12.dxc6 bxc6
13.Bc1e3 O-O
14.O-O-O Qd8a5
15.Nf3d2 Nd7c5
16.Nd2c4 Qa5c7
17.Be3xc5 dxc5
18.Bh3f5 a5
19.Qe2f3 a4
20.Bf5xg6 fxg6
21.Qf3h3 Qc7c8
22.Qh3xc8 Rf8xc8
23.Nc4b6 Nb8a6
24.Nc3xa4 c4
25.Nb6xc8 Ra8xc8
26.Na4b6 Rc8f8
27.Nb6xc4 Kh7
28.Nc4xe5 c5
29.Ne5c6 Rf8e8
30.Rd1d7 Be7f8
31.Rd7d8 Re8xd8
32.Nc6xd8 Bf8d6
33.Rh1d1 Bd6f4
34.Kb1 Na6b8
35.Nd8e6 Bf4h2
36.Ne6xc5 Nb8c6
37.a3 Nc6e5
38.b4 Kg8
39.a4 Ne5c4
40.a5 Nc4a3
41.Kb2 Na3b5
42.c4 Bh2e5
43.Kb3 Nb5d4
44.Ka4 Kf7
45.Nc5d7 Nd4f3
46.a6 { resign }
1-0

[Event "Match"]
[Site "www.echecsemail.com"]
[Date "2018.05.16"]
[Round "1"]
[White "Paco"]
[Black "Gegonz"]
[WhiteElo "2050"]
[BlackElo "1610"]
[Result "0-1"]
[Round "1"]
1.e4 g6
2.d4 Bf8g7
3.e5 d6
4.Ng1f3 dxe5
5.Nf3xe5 Bg7xe5
6.dxe5 Qd8xd1
7.Kxd1 Nb8c6
8.Bc1f4 Bc8f5
9.Nb1a3 O-O-O
10.Ke1 f6
11.exf6 exf6
12.Bf1e2 Ng8e7
13.g4 Bf5d7
14.c3 Ne7d5
15.Bf4g3 f5
16.c4 Nd5b4
17.gxf5 Bd7xf5
18.Kf1 Rh8e8
19.h4 Rd8d2
20.Be2f3 Rd2xb2
21.Na3b5 Re8e7
22.a3 Nb4c2
23.Ra1d1 Nc2e3
24.Kg1 Ne3xd1
25.Bf3xd1 Re7e1
26.Kg2 Bf5e4
27.Kh2 Re1xh1
{ resign }
0-1

[Event "Match"]
[Site "www.echecsemail.com"]
[Date "2018.05.16"]
[Round "1"]
[White "Joseph1983"]
[Black "Add"]
[WhiteElo "2160"]
[BlackElo "2230"]
[Result "1-0"]
[Round "1"]
1.d4 d5
2.c4 c6
3.cxd5 cxd5
4.Nb1c3 e6
5.Ng1f3 h6
6.e4 dxe4
7.Nc3xe4 Ng8f6
8.Bf1b5 Bc8d7
9.Ne4xf6 Qd8xf6
10.Bb5xd7 Nb8xd7
11.Qd1a4 Bf8d6
12.O-O a6
13.Nf3e5 b5
14.Ne5xd7 Kxd7
15.Qa4b3 Ke7
16.d5 Rh8d8
17.dxe6 fxe6
18.Rf1e1 Kf7
19.Bc1e3 Qf6h4
20.g3 Qh4c4
21.Qb3d1 Kg8
22.Qd1h5 Qc4c7
23.Qh5g4 Kh8
24.Qg4xe6 Rd8e8
25.Qe6g6 Re8f8
26.Be3d4 Rf8f7
27.Qg6xh6 Kg8
28.Qh6g6 Qc7d7
29.Ra1d1 Rf7e7
30.Re1xe7 Qd7xe7
31.Bd4xg7 Qe7xg7
32.Qg6xd6 { resign }
1-0

[Event "1/128 Finale"]
[Site "www.chess-mail.com"]
[Date "2018.05.16"]
[Round "1"]
[White "Gandalf50"]
[Black "Bira47"]
[WhiteElo "1499"]
[BlackElo "1950"]
[Result "1-0"]
[Round "1"]
1.c4 g6
2.Nb1c3 Bf8g7
3.d4 c6
4.e4 d6
5.Ng1f3 h6
6.Bf1e2 Ng8f6
7.O-O O-O
8.e5 Nf6d7
9.exd6 exd6
10.Bc1f4 Qd8f6
11.Bf4g3 Rf8e8
12.Be2d3 Nb8a6
13.a3 Na6c7
14.Nc3e4 Qf6e7
15.Bg3xd6 Qe7d8
16.Rf1e1 Nc7e6
17.Bd3c2 Nd7f6
18.Ne4xf6 Bg7xf6
19.c5 b6
20.b4 bxc5
21.bxc5 Bf6e7
22.Bd6g3 a5
23.h4 Ne6g7
24.Bc2b3 Bc8e6
25.Bb3xe6 Ng7xe6
26.Re1xe6 fxe6
27.Nf3e5 Be7xh4
28.Qd1g4 Qd8g5
29.Qg4xh4 Qg5xh4
30.Bg3xh4 g5
31.Bh4g3 Re8d8
32.Ne5xc6 Rd8d7
33.Ra1d1 Ra8c8
34.Nc6e5 Rd7d5
35.c6 Rd5b5
36.Rd1c1 Rb5b3
37.c7 Rb3xa3
38.Ne5c6 Rc8e8
39.Nc6e7 Re8xe7
40.c8Q Kf7
41.Bg3d6 Ra3a4
42.Bd6xe7 Kxe7
43.Qc8c7 Kf6
44.Qc7e5 Kf7
45.Rc1c7 Kg6
46.Qe5xe6 Kh5
47.Qe6e8 Kg4
48.Qe8xa4 h5
49.d5 Kf5
50.d6 g4
51.d7 Ke5
52.d8Q { resign }
1-0

[Event "Finale"]
[Site "www.chess-mail.com"]
[Date "2018.05.16"]
[Round "1"]
[White "Maxiboi"]
[Black "Vgrynyuk"]
[WhiteElo "2890"]
[BlackElo "2820"]
[Result "1/2-1/2"]
[Round "1"]
1.Ng1f3 Ng8f6
2.e3 d5
3.c4 e6
4.Nb1c3 Bf8d6
5.b3 O-O
6.Bc1b2 Nb8d7
7.Qd1c2 c5
8.Rh1g1 b6
9.g4 Bc8b7
10.g5 Nf6e8
11.Bf1e2 dxc4
12.bxc4 f5
13.h4 a6
14.h5 Ra8c8
15.Ra1d1 Qd8e7
16.a4 Rc8d8
17.Bb2a1 Bb7c6
18.h6 { draw }
1/2-1/2

[Event "Eq:Tigers of Istanbul-chibcha : "]
[Site "www.chess-mail.com"]
[Date "2018.05.16"]
[Round "1"]
[White "Orhany24"]
[Black "Estonia"]
[WhiteElo "2090"]
[BlackElo "1990"]
[Result "0-1"]
[Round "1"]
1.e4 c5
2.Ng1f3 Nb8c6
3.d4 cxd4
4.Nf3xd4 Ng8f6
5.Nd4xc6 bxc6
6.Bf1d3 e5
7.c4 Bf8b4
8.Bc1d2 a5
9.O-O O-O
10.a3 Bb4xd2
11.Qd1xd2 d5
12.cxd5 cxd5
13.exd5 e4
14.Bd3c4 Bc8b7
15.Nb1c3 Qd8c7
16.Bc4a2 Ra8d8
17.Ra1c1 Qc7e5
18.Qd2e3 Bb7xd5
19.Ba2xd5 Nf6xd5
20.Nc3xd5 Rd8xd5
21.Rf1e1 Qe5xb2
22.Qe3xe4 Rd5g5
23.a4 Qb2b8
24.g3 g6
25.Rc1b1 Qb8d6
26.Re1d1 Qd6e5
27.Qe4xe5 Rg5xe5
28.Rb1b5 Re5xb5
29.axb5 Rf8b8
30.Rd1b1 Rb8b6
31.Kf1 f5
32.f4 Kf7
33.Ke2 Ke6
34.Kd3 Kd5
35.Kc3 Kc5
{ resign }
0-1

[Event "Fast Game"]
[Site "www.echecsemail.com"]
[Date "2018.05.16"]
[Round "1"]
[White "Tonino1"]
[Black "Attatroll"]
[WhiteElo "1830"]
[BlackElo "1700"]
[Result "1-0"]
[Round "1"]
1.d4 f5
2.f4 Ng8f6
3.e3 e6
4.Bf1d3 d5
5.Ng1f3 Bf8d6
6.Nb1d2 c6
7.c3 O-O
8.O-O Nf6g4
9.Qd1e2 Nb8d7
10.Nf3e5 Ng4xe5
11.fxe5 Bd6c7
12.Rf1f3 Rf8e8
13.Rf3h3 Nd7f8
14.Qe2h5 Qd8e7
15.Nd2f3 Qe7f7
16.Qh5xf7 Kxf7
17.Bc1d2 h6
18.Ra1f1 Bc8d7
19.e4 dxe4
20.Bd3c2 exf3
21.Rf1xf3 Nf8h7
22.g4 Kg6
23.gxf5 exf5
24.Rh3g3 Kf7
25.Bc2b3 Kf8
26.Bd2xh6 gxh6
27.Rg3g8 Ke7
28.Rg8g7  { time }
1-0

[Event "Tourn. n9745"]
[Site "www.chess-mail.com"]
[Date "2018.05.17"]
[Round "1"]
[White "Muchomurka"]
[Black "Bronstein70"]
[WhiteElo "2470"]
[BlackElo "2470"]
[Result "1/2-1/2"]
[Round "1"]
1.e4 e5
2.Ng1f3 Ng8f6
3.Nf3xe5 d6
4.Ne5f3 Nf6xe4
5.Qd1e2 Qd8e7
6.d3 Ne4f6
7.Bc1g5 Bc8g4
8.Nb1c3 Bg4xf3
9.gxf3 Qe7xe2
10.Bf1xe2 Nb8c6
11.O-O-O Nc6d4
12.Rd1e1 O-O-O
13.Nc3e4 Rd8e8
14.Be2d1 Bf8e7
15.Ne4xf6 Be7xf6
16.f4 Bf6xg5
17.fxg5 Kd8
18.Kd2 Re8xe1
19.Rh1xe1 h6
20.c3 Nd4f5
21.Bd1g4 Nf5h4
22.f4 Nh4g6
23.h4 hxg5
24.hxg5 Ng6xf4
25.Re1f1 Nf4g6
26.d4 Rh8h2
27.Ke3 Ke7
28.Rf1b1 Rh2g2
29.Kf3 Ng6h4
30.Kf4 d5
31.a4 Kd6
32.a5 c6
33.Bg4h5 Nh4g6
34.Bh5xg6 fxg6
35.b4 Rg2c2
36.Rb1b3 a6
37.Kg3 Rc2d2
38.Kf4 Rd2d3
39.Rb3a3 { draw }
1/2-1/2

[Event "Tourn. n9793"]
[Site "www.chess-mail.com"]
[Date "2018.05.17"]
[Round "1"]
[White "Euwe1983"]
[Black "Gandalf50"]
[WhiteElo "1599"]
[BlackElo "1729"]
[Result "0-1"]
[Round "1"]
1.g3 f5
2.f4 Ng8f6
3.Bf1h3 e6
4.d3 b6
5.Bc1e3 Bc8b7
6.Ng1f3 Bf8e7
7.Be3d4 O-O
8.Nf3e5 Bb7xh1
9.g4 fxg4
10.Bh3xg4 Nf6xg4
11.Ne5xg4 Be7h4
12.Kd2 Bh1b7
13.Bd4xg7 Kxg7
14.Ng4e5 Kh8
15.Ne5g6 hxg6
 { time }
0-1

[Event "Tourn. n9742"]
[Site "www.chess-mail.com"]
[Date "2018.05.17"]
[Round "1"]
[White "Fantomas"]
[Black "Prize64"]
[WhiteElo "2290"]
[BlackElo "2170"]
[Result "1-0"]
[Round "1"]
1.e4 c5
2.Ng1f3 e6
3.d4 cxd4
4.Nf3xd4 Nb8c6
5.c3 Ng8f6
6.f3 Nf6xe4
7.g3 Ne4f6
8.Bc1e3 d5
9.Nd4b3 Bf8d6
10.Bf1g2 O-O
11.O-O Ra8b8
12.Nb1d2 a6
13.Qd1e2 Nc6e5
14.Nb3c1 Bc8d7
15.Rf1e1 Bd7c6
16.Be3f4 Ne5g6
17.Bf4e3 Bc6b5
18.Qe2f2 Qd8d7
19.Nc1b3 Rf8c8
20.Nb3d4 Bb5d3
21.Ra1c1 Ng6e5
22.Re1d1 Bd3g6
23.Qf2e2 Ne5c4
24.Nd2xc4 Rc8xc4
25.Bg2h3 Qd7c7
26.Nd4b3 h6
27.Qe2f2 Rb8c8
28.Be3b6 Qc7b8
29.Bh3f1 Rc4c6
30.Kg2 Nf6d7
31.Bb6e3 Nd7e5
32.Be3b6 Ne5c4
33.Bf1xc4 Rc6xc4
34.Rd1d4 Rc4c6
35.Rd4a4 e5
36.Nb3a5 Rc6xb6
37.Qf2xb6 Bd6c7
38.Qb6e3 Bc7xa5
39.Ra4xa5 Qb8c7
40.Ra5xd5 f6
41.Rc1d1 Bg6f7
42.Rd5d7 Qc7c6
43.Rd1d6 Qc6b5
44.b3 Qb5a5
45.Qe3d3 Qa5xa2
46.Kh3 Bf7xb3
47.Rd7d8 Rc8xd8
48.Rd6xd8 Kf7
49.Rd8d7 Kg8
50.Rd7d8 Kf7
51.Qd3d7 Kg6
52.Qd7g4 Kf7
53.Qg4h5 g6
54.Qh5xh6 Bb3e6
55.g4 { resign }
1-0

[Event "Tourn. n9770"]
[Site "www.chess-mail.com"]
[Date "2018.05.17"]
[Round "1"]
[White "Comrade"]
[Black "Aniruddhadg"]
[WhiteElo "2300"]
[BlackElo "2490"]
[Result "0-1"]
[Round "1"]
1.c4 f5
2.d4 g6
3.Nb1c3 Ng8f6
4.g3 Bf8g7
5.Bf1g2 O-O
6.e3 d6
7.Ng1e2 Qd8e8
8.O-O c6
9.Bc1d2 e5
10.dxe5 dxe5
11.e4 Nb8a6
12.a3 Qe8f7
13.b3 Na6c5
14.Qd1c2 Nc5xe4
15.Nc3xe4 Nf6xe4
16.Bg2xe4 fxe4
17.Qc2xe4 Bc8f5
18.Qe4e3 Ra8d8
19.f4 Rd8d3
20.Qe3f2 Rd3xd2
21.Qf2e3 Qf7d7
22.fxe5 Bg7xe5
23.Ra1e1 Rf8e8
24.Kh1 Be5c7
25.Qe3c3 Rd2xe2
26.Re1xe2 Re8xe2
27.b4 Bf5e4
{ resign }
0-1

[Event "Tourn. n9764"]
[Site "www.chess-mail.com"]
[Date "2018.05.17"]
[Round "1"]
[White "Sachpat"]
[Black "Darko10"]
[WhiteElo "2850"]
[BlackElo "2870"]
[Result "1/2-1/2"]
[Round "1"]
1.e4 c5
2.Ng1f3 d6
3.Bf1b5 Nb8d7
4.d4 cxd4
5.Qd1xd4 a6
6.Bb5xd7 Bc8xd7
7.Nb1c3 e5
8.Qd4d3 h6
9.Nf3d2 Ra8c8
10.Nd2c4 Qd8c7
11.Nc4e3 Ng8f6
12.Bc1d2 Bf8e7
13.O-O-O Bd7e6
14.f3 b5
15.g4 b4
16.Nc3d5 Nf6xd5
17.exd5 Be6d7
18.Bd2xb4 Bd7b5
19.Qd3b3 g6
20.Rd1e1 h5
21.h3 hxg4
22.hxg4 Rh8xh1
23.Re1xh1 Be7g5
24.Kb1 Ke7
25.Rh1e1 Bg5xe3
26.Re1xe3 a5
27.Re3xe5 Kd7
28.Bb4a3 dxe5
29.Qb3xb5 Kd8
30.c3 Rc8b8
31.Qb5d3 Qc7b6
32.Qd3e2 f6
33.f4 exf4
34.Qe2e7 Kc8
35.b3 f3
36.Ba3d6 Qb6d8
37.Qe7e6 Qd8d7
38.Qe6g8 Qd7d8
39.Qg8e6 { draw }
1/2-1/2

[Event "Match"]
[Site "www.echecsemail.com"]
[Date "2018.05.17"]
[Round "1"]
[White "Apdash"]
[Black "Fangshuo"]
[WhiteElo "2250"]
[BlackElo "2130"]
[Result "0-1"]
[Round "1"]
1.d4 e6
2.Ng1f3 c5
3.e3 cxd4
4.exd4 Nb8c6
5.c3 Ng8f6
6.Bf1b5 a6
7.Bb5a4 b5
8.Ba4c2 Bc8b7
9.O-O Bf8d6
10.Rf1e1 O-O
11.Bc1g5 Bd6e7
12.Qd1d3 g6
13.Bg5h6 Rf8e8
14.h3 Be7f8
15.Bh6xf8 Kxf8
16.Nb1d2 Nc6e7
17.Qd3e3 Kg7
18.a4 Ne7d5
19.Qe3e5 d6
20.Qe5e2 Nd5f4
21.Qe2d1 e5
22.dxe5 dxe5
23.axb5 axb5
24.Nd2e4 Ra8xa1
25.Qd1xa1 Bb7xe4
26.Bc2xe4 Nf6xe4
27.Re1xe4 Nf4d3
 { time }
0-1

[Event "Match"]
[Site "www.echecsemail.com"]
[Date "2018.05.17"]
[Round "1"]
[White "Sonny1000"]
[Black "Lug47"]
[WhiteElo "1570"]
[BlackElo "1319"]
[Result "0-1"]
[Round "1"]
1.e4 e5
2.Ng1f3 Nb8c6
3.c3 Ng8f6
4.Bf1c4 d5
5.exd5 Nf6xd5
6.Bc4xd5 Qd8xd5
7.d3 Bc8d7
8.Nf3g5 O-O-O
9.Rh1g1 Bf8c5
10.c4 Qd5d4
11.Rg1f1 Bc5b4
12.Nb1d2 Rh8e8
13.Qd1a4 e4
14.Kd1 e3
15.fxe3 Qd4xd3
16.Ng5xf7 Bd7g4
17.Ke1 Qd3xe3
{ resign }
0-1

[Event "Match"]
[Site "www.echecsemail.com"]
[Date "2018.05.17"]
[Round "1"]
[White "Apdash"]
[Black "Lcbunghai"]
[WhiteElo "2180"]
[BlackElo "2010"]
[Result "0-1"]
[Round "1"]
1.e4 c5
2.Ng1f3 Nb8c6
3.d4 cxd4
4.Nf3xd4 e5
5.Nd4xc6 bxc6
6.Bf1c4 Ng8f6
7.Qd1e2 Bf8e7
8.O-O O-O
9.Nb1c3 Bc8b7
10.Bc1g5 Nf6e8
11.Bg5xe7 Qd8xe7
12.f4 d6
13.fxe5 dxe5
14.Rf1f5 Ne8d6
15.Rf5h5 Nd6xc4
16.Qe2xc4 Ra8d8
17.Ra1f1 Rd8d4
18.Qc4b3 Qe7c5
19.Kh1 Bb7a6
20.Rf1e1 Rd4b4
21.Qb3a3 Ba6c8
22.Rh5xe5 Qc5xe5
23.Qa3xb4 a5
24.Qb4b6 Bc8d7
25.Re1d1 Bd7e8
26.Qb6d4 Qe5xd4
27.Rd1xd4 f6
28.Rd4d8 Be8f7
29.Rd8xf8 Kxf8
30.g3 Ke7
31.Kg2 Kd6
32.Kf3 h5
33.h4 Bf7e6
34.Ke3 Kc5
35.a3 g5
36.b3 gxh4
37.gxh4 Kd6
38.Nc3e2 Be6g4
39.Ne2d4 c5
40.Nd4b5 Kc6
 { time }
0-1

[Event "Tourn. n9822"]
[Site "www.echecsemail.com"]
[Date "2018.05.17"]
[Round "1"]
[White "Reda"]
[Black "Alvarin111"]
[WhiteElo "1790"]
[BlackElo "1820"]
[Result "0-1"]
[Round "1"]
1.d4 e6
2.Bc1f4 d5
3.Nb1c3 Bf8b4
4.Qd1d3 Nb8c6
5.O-O-O Ng8f6
6.a3 Bb4xc3
7.Qd3xc3 Nf6e4
8.Qc3f3 O-O
9.Ng1h3 h6
10.e3 Nc6e7
11.Bf1d3 f5
12.Bd3xe4 fxe4
13.Qf3g3 Ne7f5
14.Qg3g4 Bc8d7
15.Bf4e5 Qd8h4
16.Qg4xh4 Nf5xh4
17.Be5xc7 Ra8c8
18.Bc7g3 Nh4g6
19.Nh3f4 Rf8f6
20.Nf4xg6 Rf6xg6
21.c3 a5
22.Rh1g1 b5
23.Bg3e5 b4
24.axb4 axb4
25.Kd2 Rc8f8
26.Kc2 bxc3
27.bxc3 Bd7a4
{ resign }
0-1

[Event "Tourn. n9834"]
[Site "www.echecsemail.com"]
[Date "2018.05.17"]
[Round "1"]
[White "Piekki"]
[Black "Fantomas"]
[WhiteElo "2200"]
[BlackElo "2140"]
[Result "1-0"]
[Round "1"]
1.e4 c5
2.Ng1f3 d6
3.d4 Ng8f6
4.Nb1c3 cxd4
5.Nf3xd4 Nb8c6
6.Bf1c4 Bc8d7
7.f4 g6
8.h3 Nf6h5
9.g4 Nh5g7
10.Bc1e3 a6
11.Qd1f3 e6
12.O-O-O Bf8e7
13.Kb1 Qd8c7
14.Rh1e1 O-O
15.f5 Nc6xd4
16.Rd1xd4 e5
17.Nc3d5 { resign }
1-0

[Event "Match"]
[Site "www.echecsemail.com"]
[Date "2018.05.17"]
[Round "1"]
[White "Goofy"]
[Black "Tonino1"]
[WhiteElo "2320"]
[BlackElo "1950"]
[Result "1/2-1/2"]
[Round "1"]
1.e4 d6
2.d4 Ng8f6
3.Nb1c3 g6
4.Bc1g5 Bf8g7
5.Qd1d2 O-O
6.Bg5h6 c6
7.Bh6xg7 Kxg7
8.h3 e5
9.O-O-O Qd8c7
10.g4 Rf8d8
11.dxe5 Nf6e8
12.f4 b6
13.Qd2d4 c5
14.exd6 cxd4
15.dxc7 Ne8xc7
16.Nc3b5 Nc7xb5
17.Bf1xb5 Bc8b7
18.Bb5d3 f5
19.gxf5 gxf5
20.Rd1e1 Rd8e8
21.Rh1h2 fxe4
22.Rh2e2 e3
23.c3 Nb8a6
24.cxd4 Na6b4
25.Bd3b1 Ra8c8
26.Kd1 Re8d8
27.Re2xe3 Rd8xd4
28.Ke2 Bb7a6
29.Kf3 Nb4c2
30.Re3e7 Kf8
31.Bb1xc2 Rc8xc2
32.Re7e8 Kg7
33.Re8e7 Kg8
34.Re7e8 Kf7
35.Re8e7 { draw }
1/2-1/2

[Event "Match"]
[Site "www.echecsemail.com"]
[Date "2018.05.17"]
[Round "1"]
[White "Ketchuplover"]
[Black "Micheles"]
[WhiteElo "1950"]
[BlackElo "2630"]
[Result "0-1"]
[Round "1"]
1.Ng1f3 Ng8f6
2.c4 g6
3.b3 Bf8g7
4.Bc1b2 O-O
5.g3 d6
6.d4 e5
7.dxe5 dxe5
8.Qd1xd8 Rf8xd8
9.Bb2xe5 Nb8c6
10.Be5xc7 Nf6d7
11.Bc7xd8 Nc6xd8
{ resign }
0-1

[Event "Match"]
[Site "www.echecsemail.com"]
[Date "2018.05.17"]
[Round "1"]
[White "Micheles"]
[Black "Gidgud"]
[WhiteElo "2630"]
[BlackElo "1809"]
[Result "1/2-1/2"]
[Round "1"]
1.d4 Ng8f6
2.Ng1f3 e6
3.Bc1g5 Bf8e7
4.Nb1d2 d5
5.e3 O-O
6.Bf1d3 Nb8d7
7.O-O c5
8.c3 c4
9.Bd3c2 Nf6h5
{ draw }
1/2-1/2

[Event "Tourn. n9825"]
[Site "www.echecsemail.com"]
[Date "2018.05.17"]
[Round "1"]
[White "Reda"]
[Black "Paes19"]
[WhiteElo "1790"]
[BlackElo "1959"]
[Result "0-1"]
[Round "1"]
1.d4 e6
2.Bc1f4 d5
3.Nb1c3 Bf8b4
4.Ng1f3 h6
5.Qd1d3 Ng8f6
6.O-O-O Bb4xc3
7.Qd3xc3 c6
8.e3 Nf6e4
9.Qc3e1 b5
10.Nf3e5 O-O
11.f3 Ne4d6
12.Qe1g3 Nd6f5
13.Qg3g4 Qd8h4
14.Qg4xh4 Nf5xh4
15.Bf4g3 Nh4f5
16.Bf1d3 Nf5xe3
17.Rd1d2 a5
18.b3 Nb8a6
19.Rh1e1 Ne3f5
20.Ne5xc6 Na6b4
21.Nc6xb4 axb4
22.Bd3xb5 Ra8xa2
23.Kb1 Ra2a3
24.Bg3e5 f6
25.Be5f4 Rf8f7
26.Bb5a4 Rf7c7
27.Rd2e2 Rc7e7
28.Kb2 Nf5xd4
29.Re2d2 Nd4f5
30.c3 e5
31.Bf4g3 Nf5d6
32.cxb4 Nd6c4
{ resign }
0-1

[Event "Match"]
[Site "www.echecsemail.com"]
[Date "2018.05.17"]
[Round "1"]
[White "Jopesilo"]
[Black "Joaodelisboa"]
[WhiteElo "2169"]
[BlackElo "2140"]
[Result "1/2-1/2"]
[Round "1"]
1.e4 c5
2.Ng1f3 e6
3.d4 cxd4
4.Nf3xd4 Ng8f6
5.Nb1c3 d6
6.Bc1g5 Bf8e7
7.f4 h6
8.Bg5h4 Nb8c6
9.Bf1b5 Bc8d7
10.O-O O-O
11.Nd4xc6 Bd7xc6
12.Bb5xc6 bxc6
13.Bh4f2 Qd8c7
14.Qd1f3 Ra8b8
15.b3 Rf8d8
16.Rf1d1 Nf6d7
17.Nc3a4 Be7f6
18.Ra1b1 Nd7b6
19.Na4xb6 axb6
20.c4 c5
21.Rd1d3 Rb8a8
22.a4 Qc7c6
23.Rb1d1 Qc6c7
24.Rd1d2 Kf8
25.g4 Bf6e7
26.Bf2g3 Kg8
27.h4 f6
28.Rd2f2 Rd8f8
29.f5 e5
30.Rd3d5 Ra8d8
31.Rf2d2 Rd8d7
32.Qf3d1 Rd7d8
33.Bg3e1 Kh8
34.Rd2g2 Rf8f7
35.Qd1d3 Rf7f8
36.Qd3h3 Kg8
37.Rd5d3 Qc7b7
38.Qh3f3 Qb7c7
39.Be1d2 Qc7d7
40.Qf3e2 Qd7e8
41.Rd3g3 Rd8d7
42.g5 fxg5
43.hxg5 Be7xg5
44.Bd2xg5 hxg5
45.Rg3xg5 Rf8f6
46.Qe2g4 Qe8f7
47.Qg4h4 Qf7f8
48.Qh4h5 Qf8f7
49.Rg5xg7 Qf7xg7
50.Rg2xg7 Rd7xg7
51.Kf2 Rg7f7
52.Qh5g5 Kf8
53.Ke3 Ke7
54.Qg5g8 Rf6h6
55.Kd2 Rf7h7
56.Ke2 Rh6h2
57.Kf1 Rh2h1
58.Kg2 Rh7h2
59.Kf3 Rh2h3
60.Kg2 Rh3h2
61.Kf3 Rh2h3
62.Kg2 Rh3h2
63.Kf3 
1/2-1/2

[Event "Tourn. n9827"]
[Site "www.echecsemail.com"]
[Date "2018.05.17"]
[Round "1"]
[White "Piekki"]
[Black "Fegatux"]
[WhiteElo "2180"]
[BlackElo "2290"]
[Result "1-0"]
[Round "1"]
1.e4 d6
2.d4 Ng8f6
3.Nb1c3 c6
4.f4 Qd8a5
5.Bf1d3 e5
6.fxe5 dxe5
7.dxe5 Nf6g4
8.Ng1f3 Ng4xe5
9.Nf3xe5 Qa5xe5
10.O-O Bf8c5
11.Kh1 O-O
12.Bc1f4 Qe5e7
13.e5 Bc8e6
14.Qd1h5 g6
15.Qh5h6 Rf8e8
16.Nc3e4 Nb8d7
17.Ne4g5 Nd7f8
18.Ra1e1 Be6d7
19.Ng5e4 Re8d8
20.Bf4g5 Bd7f5
21.Bg5f6 Nf8e6
22.Ne4g5 Qe7f8
23.Qh6xh7 { resign }
1-0

[Event "Match"]
[Site "www.echecsemail.com"]
[Date "2018.05.17"]
[Round "1"]
[White "Jesmantiz"]
[Black "Apdash"]
[WhiteElo "2230"]
[BlackElo "2180"]
[Result "1-0"]
[Round "1"]
1.d4 d5
2.e3 e6
3.Bf1d3 Ng8f6
4.Nb1d2 c5
5.c3 Nb8c6
6.f4 cxd4
7.exd4 Bf8d6
8.Nd2f3 Qd8c7
9.Nf3e5 Nf6e4
10.Ng1f3 O-O
11.O-O f6
12.Ne5xc6 bxc6
13.Qd1e1 Bd6xf4
14.Bc1xf4 Qc7xf4
15.Nf3e5 Qf4d2
16.Bd3xe4 Qd2xe1
17.Ra1xe1 fxe5
18.Rf1xf8 Kxf8
19.Be4xh7 exd4
20.cxd4 Ke7
21.h4 Bc8d7
22.Bh7g6 Ra8f8
23.g3 Kd6
24.b4 a5
25.Re1b1 axb4
26.Rb1xb4 e5
27.dxe5 Kxe5
28.Rb4b7 Kd6
29.Bg6c2 c5
30.Rb7b6 Ke5
31.Rb6b7 Rf8f7
32.a4 Bd7e6
33.Rb7xf7 Be6xf7
34.a5 d4
35.a6 Bf7d5
36.g4 c4
37.Kf2 d3
38.Bc2d1 c3
39.Ke3 c2
40.Bd1xc2 dxc2
41.Kd2 Kf4
42.g5  { time }
1-0

[Event "Match"]
[Site "www.echecsemail.com"]
[Date "2018.05.17"]
[Round "1"]
[White "Juheset"]
[Black "Karlgrocer"]
[WhiteElo "1809"]
[BlackElo "2010"]
[Result "1-0"]
[Round "1"]
1.d4 d5
2.Bc1f4 Ng8f6
3.c4 c6
4.b3 e6
5.Nb1c3 Bf8e7
6.Qd1c2 O-O
7.e4 dxe4
8.O-O-O a6
9.Nc3xe4 Nf6xe4
10.Qc2xe4 Be7g5
11.Bf4xg5 Qd8e8
12.Bf1d3 f5
13.Qe4h4 Nb8d7
14.Ng1f3 Nd7f6
15.Rd1e1 Qe8d8
16.Bg5xf6 Qd8xf6
17.Nf3g5 h6
18.Ng5f3 Qf6xh4
19.Nf3xh4 g5
20.Nh4g6 Rf8f7
21.Ng6e5 Rf7g7
22.g4 b5
23.gxf5 exf5
24.Ne5xc6 Bc8b7
25.d5 f4
26.Nc6e7 Kf8
27.Ne7f5 Rg7g6
28.Re1e5 Rg6f6
29.Rh1e1 bxc4
30.bxc4 Ra8c8
31.Nf5d4 Rf6d6
32.Re5f5 Kg8
33.Re1e7 Bb7a8
34.Rf5e5 { resign }
1-0

[Event "Match"]
[Site "www.echecsemail.com"]
[Date "2018.05.17"]
[Round "1"]
[White "Ranjachess"]
[Black "Rindrandria"]
[WhiteElo "1840"]
[BlackElo "1750"]
[Result "1/2-1/2"]
[Round "1"]
1.e4 d5
2.e5 c5
3.d4 cxd4
4.Qd1xd4 Nb8c6
5.Bf1b5 Bc8d7
6.Bb5xc6 bxc6
7.Ng1f3 e6
8.O-O Qd8c7
9.Bc1f4 Ra8b8
10.c4 c5
11.Qd4d3 dxc4
12.Qd3c3 Ng8e7
13.Nb1d2 Ne7d5
14.Qc3xc4 Bd7b5
15.Qc4e4 Bb5xf1
16.Kxf1 Rb8b4
17.Nd2c4 Qc7c8
18.Bf4d2 Qc8a6
19.Bd2xb4 cxb4
20.b3 Bf8e7
21.a4 bxa3
22.h4 f5
23.Qe4d4 Nd5f6
24.exf6 Be7xf6
25.Nf3e5 O-O
26.Ra1xa3 Qa6b5
27.Kg1 Qb5b4
28.h5 Rf8d8
29.Qd4xa7 Bf6xe5
30.Nc4xe5 Qb4e1
31.Kh2 Qe1xe5
32.g3 Qe5f6
33.Qa7c7 Qf6g5
34.Kg2 Rd8f8
35.Qc7d6 Rf8e8
36.f4 Qg5xh5
37.b4 g5
38.fxg5 Qh5xg5
39.Qd6d7 Re8e7
40.Qd7d8 Kf7
41.b5 Qg5g7
42.Ra3b3 h5
43.Rb3b4 Qg7c3
44.Qd8d4 Qc3xd4
45.Rb4xd4 Re7b7
46.Rd4b4 Ke7
47.Rb4h4 Rb7xb5
48.Rh4xh5 Kf6
49.Rh5h4 Kg5
50.Kh3 Rb5b3
51.Rh4h8 Kf6
52.Kh4 e5
53.g4 fxg4
54.Kxg4 e4
55.Kf4 Rb3b4
56.Rh8e8 e3
{ draw }
1/2-1/2